<?xml version="1.0" encoding="UTF-8"?>
<marc:record xmlns:marc="http://www.loc.gov/MARC21/slim">
   <marc:leader>00000nam a2200000 a 4500</marc:leader>
   <marc:datafield ind1="1" ind2=" " tag="100">
      <marc:subfield code="a">Grant, Adam</marc:subfield>
      <marc:subfield code="4">aut</marc:subfield>
      <marc:subfield code="e">Verfasser/-in</marc:subfield>
   </marc:datafield>
   <marc:datafield ind1="0" ind2="0" tag="245">
      <marc:subfield code="a">Hidden Potential – Die Wissenschaft des Erfolgs</marc:subfield>
   </marc:datafield>
   <marc:datafield ind1="0" ind2="0" tag="245">
      <marc:subfield code="b">Wie man über sich hinauswächst</marc:subfield>
   </marc:datafield>
   <marc:datafield ind1="0" ind2="0" tag="245">
      <marc:subfield code="c">Adam Grant</marc:subfield>
   </marc:datafield>
   <marc:datafield ind1=" " ind2="1" tag="264">
      <marc:subfield code="a">München</marc:subfield>
      <marc:subfield code="b">Piper</marc:subfield>
      <marc:subfield code="c">2024</marc:subfield>
   </marc:datafield>
   <marc:datafield ind1="1" ind2=" " tag="520">
      <marc:subfield code="a">Viele Autoren haben die Gewohnheiten von Supertalenten beschrieben, die Spitzenleistungen erbringen. Doch Adam Grant zeigt: Wir alle können Großes erreichen! Denn unser Fortschritt hängt nicht davon ab, wie hart wir arbeiten, sondern davon, wie gut wir lernen. Unsere Entwicklung ist keine Frage der Talente, die uns gegeben sind, sondern der Einstellung. Grants Forschungen beweisen: Wenn wir gezielt unsere vorhandenen Fähigkeiten stärken und neue Motivationsstrukturen aufbauen, können wir unsere verborgenen Potenziale heben und Dinge erreichen, die wir nicht für möglich gehalten hätten!</marc:subfield>
   </marc:datafield>
   <marc:datafield ind1=" " ind2=" " tag="020">
      <marc:subfield code="a">9783492072915</marc:subfield>
      <marc:subfield code="9">9783492072915</marc:subfield>
   </marc:datafield>
   <marc:datafield ind1=" " ind2=" " tag="020">
      <marc:subfield code="a">3492072917</marc:subfield>
      <marc:subfield code="9">3492072917</marc:subfield>
   </marc:datafield>
   <marc:datafield ind1=" " ind2=" " tag="300">
      <marc:subfield code="a">352 Seiten</marc:subfield>
   </marc:datafield>
</marc:record>
